000 00268nam a22000977a 4500
008 160510b xxu||||| |||| 00| 0 eng d
041 _aeng
080 _a61
245 _aDiseases of the liver :
_cEugene R. Schiff; Michael F. Sorrell; Willis C. Maddreny;
942 _2udc
_cBK
999 _c1987
_d1987